| 000 | 00526nam a22001937a 4500 | ||
|---|---|---|---|
| 003 | PILC | ||
| 005 | 20151029090313.0 | ||
| 008 | 130829t xxu||||| |||| 00| 0 eng d | ||
| 020 | _a0812523385 | ||
| 050 |
_aPS 1541 _b.D553 1993 |
||
| 082 |
_aHS 809.1 _bD55 1993 |
||
| 100 |
_aDickinson, Emily _915026 |
||
| 245 |
_aSelected poems of Emily Dickinson / _cEmily Dickinson. |
||
| 260 |
_aNew York : _bTom Doherty Associates, _c1993. |
||
| 300 |
_a79 p. ; _c18 cm. |
||
| 630 |
_aPoetry _915027 |
||
| 942 |
_2lcc _cBK |
||
| 999 |
_c9777 _d9777 |
||